Športová hala Račianska - Hečkova

Na minha lista:
Detalhes bibliográficos
Autor principal: Novák, Dušan, 1987- (Author)
Outros Autores: Urlandová, Andrea, 1960- (Thesis advisor)
Formato: Manuscrito Livro
Idioma:eslovaco
Publicado em: Bratislava : STU v Bratislave FA, 2011
Assuntos:
Acesso em linha:VAIS
Tags: Adicionar Tag
Sem tags, seja o primeiro a adicionar uma tag!

MARC

LEADER 00000ntm a22000003a 4500
001 stu231080
005 20210609083707.0
008 110712s2011----xo------------------slo-d
040 |a STU  |b slo 
041 0 |a slo 
044 |a xo 
100 1 |a Novák, Dušan,  |d 1987-  |4 aut  |u A  |T FAD Fakulta architektúry  |X 40108  |U A  |Y 50  |7 A000040108 
242 0 0 |a Sport hall Rača  |y eng 
245 1 |a Športová hala Račianska - Hečkova 
260 |a Bratislava :  |b STU v Bratislave FA,  |c 2011 
650 7 |a Rača  |2 stusub 
650 7 |a architektúra a urbanizmus  |2 stusub 
650 7 |a Architecture and Urban Design  |2 estusub 
650 7 |a športová hala  |2 stusub 
700 1 |a Urlandová, Andrea,  |d 1960-  |4 ths  |u A3130  |U FAD Fakulta architektúry  |U FAD Fakulta architektúry  |T FA Ústav dejín a teórie architektúry a obnovy pamiatok  |X 330  |U A3130  |Y 394  |7 A000000330 
856 4 |a info a plný text  |u http://is.stuba.sk/zp/portal_zp.pl?podrobnosti=5232  |u https://opac.crzp.sk/?fn=detailBiblioForm&sid=75A6A01F16DA93B39EFCAA14CDB9  |3 VAIS